000
00365nam a2200157Ia 4500
008
151213s9999 xx 000 0 und d
100
_a
Hal R. Varian
245
_a
intermediate economics
_c
Hal R. Varian
250
_a
5th
260
_a
Delhi
_b
Irwin
300
_a
1092 p.
650
_a
Economics
650
_a
Economics
700
_a
Hal R. Varian
999
_c
1030
_d
1030